000 00747nam a2200217Ii 4500
003 JO-AjNU
008 230605s9999||||xx |||||||||||||| ||und||
017 _a1987/2/175
040 _aJO-AjNU
_bara
_erda
_cJO-AjNU
041 _aara
050 1 4 _aPL867.D712 1987
100 3 _aإعداد سوجير،بيير ؛ ترجمة عبد القادر الضللي,
_eauthor
_919640
245 0 0 _aدراسة في الشعر الياباني: قديمة وحديثة
250 _aط1
264 3 1 _aدمشق: دار طلاس، 1987
300 _a125ص
336 _atext
_btxt
_2rdacontent
337 _aunmediated
_bn
_2rdamedia
338 _avolume
_bnc
_2rdacarrier
650 4 _aالشعر الياباني - تاريخ ونقد - ترجمة
_919641
999 _aA6516
_c10084
_d10084